000 00733nam a22002297a 4500
003 UA-OsUOA
001 43886
007 ta
008 20070129b un ||||| |||| 00| 0 ukr d
090 _a37.013:378
_bГ94
942 _cBK
040 _aUA-OsUOA
_bukr
_cUA-OsUOA
_dUA-OsUOA
245 _aГуманітарна освіта і виховання особистості
_bЗбірник наукових праць
_cЗа ред. Г.П. Васяновича
300 _a219 с.
955 _a2
041 _aukr
080 _a37.013:378
020 _a966-665-180-7
260 _aЛьвів
_bВ-во "Сполом"
_c2004
650 7 _a37.0 Основні види та принципи освіти
_2UDC
999 _c330005
_d330005